|
|
|
|
| LEADER |
00000nam0a2200000 4500 |
| 001 |
213709 |
| 005 |
20231101225833.0 |
| 010 |
|
|
|a 9785211062917
|
| 035 |
|
|
|a (RuTPU)RU\TPU\book\233528
|
| 090 |
|
|
|a 213709
|
| 100 |
|
|
|a 20120417d2012 k y0rusy50 ca
|
| 101 |
0 |
|
|a rus
|
| 102 |
|
|
|a RU
|
| 105 |
|
|
|a y z 001zy
|
| 200 |
1 |
|
|a Язык СМИ и политика
|e монография
|f под ред. Г. Я. Солганика
|
| 210 |
|
|
|a Москва
|c Изд-во МГУ
|d 2012
|
| 215 |
|
|
|a 952 с.
|
| 320 |
|
|
|a Библиогр.: с. 863-943.
|
| 330 |
|
|
|a В коллективной монографии, написанной известными российскими лингвистами, представлена широкая картина функционирования языка СМИ, всесторонне анализируется влияние политики на язык СМИ. Эта проблема — центральная для языка СМИ, так как политика составляет основное содержание в деятельности СМИ, — рассматривается в семиотическом, функционально-стилистическом, этичеком и риторическом аспектах. Подробно исследуется язык печатных и электронных СМИ (газеты, журналы, телевидение, радио). В сопоставительном аспекте рассматривается и язык зарубежных СМИ. В монографии показано современное состояние языка СМИ и его влияние на развитие литературного языка. Монография представляет интерес для студентов, аспирантов и преподавателей факультетов журналистики и филологических факультетов, а также для широкого круга читателей, для тех, кому небезразличны чистота и выразительность русской речи.
|
| 606 |
1 |
|
|a Средства массовой информации
|2 stltpush
|3 (RuTPU)RU\TPU\subj\56098
|9 74028
|
| 606 |
1 |
|
|a Политические коммуникации
|2 stltpush
|3 (RuTPU)RU\TPU\subj\50472
|
| 610 |
1 |
|
|a СМИ
|
| 610 |
1 |
|
|a политика
|
| 610 |
1 |
|
|a язык
|
| 610 |
1 |
|
|a литературная норма
|
| 610 |
1 |
|
|a радио
|
| 610 |
1 |
|
|a телевидение
|
| 610 |
1 |
|
|a лингвистическое обеспечение
|
| 610 |
1 |
|
|a этика
|
| 610 |
1 |
|
|a риторика
|
| 610 |
1 |
|
|a печатные СМИ
|
| 610 |
1 |
|
|a электронные СМИ
|
| 610 |
1 |
|
|a монографии
|
| 686 |
|
|
|a Ч6
|v LBC/SL-A
|2 rubbk
|
| 686 |
|
|
|a Ф011.6
|v LBC/SL-A
|2 rubbk
|
| 702 |
|
1 |
|a Солганик
|b Г. Я.
|4 340
|
| 801 |
|
1 |
|a RU
|b 63413507
|c 20120417
|
| 801 |
|
2 |
|a RU
|b 63413507
|c 20150610
|g RCR
|
| 942 |
|
|
|c BK
|
| 959 |
|
|
|a 58/20120417
|d 2
|e 950,00
|f ЧЗГЛ:1
|f АНЛ:1
|